[Event "British Columbia-Washington m-A"]
[Site "Victoria"]
[Date "2018.01.12"]
[Round "1"]
[White "Cortes Orihuela, Javier"]
[Black "Collyer, Curt D"]
[Result "1/2-1/2"]
[WhiteElo "2267"]
[BlackElo "2309"]
[PlyCount "87"]
[EventDate "2018.01.12"]
[EventType "team"]
[EventRounds "5"]
[EventCountry "CAN"]
[SourceTitle "EXT 2022"]
[Source "ChessBase"]
[SourceDate "2021.10.06"]
[SourceVersion "1"]
[SourceVersionDate "2021.10.06"]
[SourceQuality "1"]

1. d4 d5 2. c4 c6 3. cxd5 cxd5 4. Nc3 Nf6 5. Nf3 Nc6 6. Bf4 a6 7. Ne5 Qb6 8. Nxc6 bxc6 9. f3 e6 10. Na4 Qa5+ 11. Kf2 c5 12. Bd2 Qc7 13. dxc5 Bxc5+ 14. Nxc5 Qxc5+ 15. Be3 Qa5 16. Bd4 Bd7 17. e3 0-0 18. Bd3 Rfc8 19. a3 Bb5 20. Bxf6 gxf6 21. Qe2 Rc6 22. Rac1 Rac8 23. Rxc6 Rxc6 24. Bxb5 axb5 25. Rd1 Rc4 26. Rd2 Qc7 27. f4 Qc5 28. g3 Kf8 29. Qh5 Kg7 30. Qg4+ Kf8 31. Qh5 Re4 32. Re2 f5 33. Qxh7 d4 34. Qh8+ Ke7 35. exd4 Rxd4 36. Kg2 Qc6+ 37. Kh3 Rd3 38. Qh4+ Kf8 39. Qf6 Qc4 40. Kh4 Rxg3 41. hxg3 Qxe2 42. Qd8+ Kg7 43. Qg5+ Kf8 44. Qd8+ 1/2-1/2

[Event "Seattle Masters-A 12"]
[Site "Seattle"]
[Date "2016.12.10"]
[Round "1"]
[White "Collyer, Curt D"]
[Black "Sherrard, Jerry"]
[Result "1-0"]
[WhiteElo "2230"]
[BlackElo "2016"]
[PlyCount "47"]
[EventDate "2016.12.10"]
[EventType "swiss"]
[EventRounds "3"]
[EventCountry "USA"]
[SourceTitle "EXT 2023"]
[Source "ChessBase"]
[SourceDate "2022.10.05"]
[SourceVersion "1"]
[SourceVersionDate "2022.10.05"]
[SourceQuality "1"]

1. d4 Nf6 2. c4 e6 3. Nc3 Bb4 4. f3 0-0 5. a3 Bxc3+ 6. bxc3 b6 7. e4 d6 8. Bd3 c5 9. e5 Ne8 10. dxc5 bxc5 11. Be4 d5 12. cxd5 Bb7 13. dxe6 Qxd1+ 14. Kxd1 Bxe4 15. e7 Bd3 16. exf8Q+ Kxf8 17. Be3 Bf1 18. Bxc5+ Kg8 19. Ra2 Nd7 20. Bd4 Rb8 21. Kc1 Bd3 22. Rb2 Rxb2 23. Kxb2 Bf1 24. h4 1-0

[Event "Seattle Masters 11"]
[Site "Seattle"]
[Date "2016.11.05"]
[Round "3"]
[White "Lee, Michael"]
[Black "Collyer, Curt D"]
[Result "1/2-1/2"]
[WhiteElo "2434"]
[BlackElo "2214"]
[PlyCount "75"]
[EventDate "2016.11.05"]
[EventType "swiss"]
[EventRounds "3"]
[EventCountry "USA"]
[SourceTitle "EXT 2023"]
[Source "ChessBase"]
[SourceDate "2022.10.05"]
[SourceVersion "1"]
[SourceVersionDate "2022.10.05"]
[SourceQuality "1"]

1. c4 Nf6 2. Nc3 c5 3. g3 d5 4. cxd5 Nxd5 5. Bg2 Nc7 6. Nf3 Nc6 7. d3 e5 8. Nd2 Bd7 9. Nc4 Be7 10. f4 exf4 11. Bxf4 0-0 12. 0-0 Ne6 13. Bd2 Rb8 14. a4 Ncd4 15. e3 Nc6 16. Nd5 Nc7 17. Bc3 Nxd5 18. Bxd5 Qc8 19. Ne5 Be6 20. Qb3 Nxe5 21. Bxe5 Bxd5 22. Qxd5 Qd8 23. Qe4 Bd6 24. Bc3 Qe7 25. Qxe7 Bxe7 26. Rf5 Rfd8 27. Raf1 f6 28. Rd1 Rd7 29. Kf2 Rbd8 30. Ke2 g6 31. Rf3 f5 32. h3 Bg5 33. g4 fxg4 34. hxg4 Re8 35. Rdf1 Rde7 36. Bd2 Rd7 37. Rc1 b6 38. b3 1/2-1/2

[Event "Calgary op"]
[Site "Calgary"]
[Date "2016.07.31"]
[Round "7"]
[White "Bates, Darren"]
[Black "Collyer, Curt D"]
[Result "0-1"]
[WhiteElo "1867"]
[BlackElo "2238"]
[PlyCount "72"]
[EventDate "2016.07.27"]
[EventType "swiss"]
[EventRounds "9"]
[EventCountry "CAN"]
[SourceTitle "CBM 173 Extra"]
[Source "ChessBase"]
[SourceDate "2016.08.29"]
[SourceVersion "1"]
[SourceVersionDate "2016.08.29"]
[SourceQuality "1"]

1. e4 e6 2. d4 d5 3. Nc3 Nc6 4. Nf3 Nf6 5. Bg5 Be7 6. e5 Ne4 7. Bxe7 Qxe7 8. a3 Bd7 9. Bd3 Ng5 10. Be2 Nxf3+ 11. Bxf3 f6 12. Bxd5 0-0-0 13. exf6 Qxf6 14. Bxc6 Bxc6 15. f3 Qh4+ 16. g3 Qh3 17. Qe2 Rxd4 18. Rd1 e5 19. Rf1 Rhd8 20. Rd3 Qh6 21. Kd1 Qd6 22. Rxd4 exd4 23. Ne4 Qd5 24. Qd2 Qa2 25. Qc1 d3 26. cxd3 Rxd3+ 27. Ke2 Rb3 28. Rd1 Bxe4 29. fxe4 Rxb2+ 30. Kf3 Rb3+ 31. Kg4 Qe2+ 32. Kh3 Qxe4 33. Qg5 Qe6+ 34. Kg2 Qe2+ 35. Kh3 Qxd1 36. Qf5+ Qd7 0-1

[Event "Calgary op 8th"]
[Site "Calgary"]
[Date "2015.08.02"]
[Round "7"]
[White "Collyer, Curt D"]
[Black "Haessel, Dale R"]
[Result "1-0"]
[WhiteElo "2262"]
[BlackElo "2180"]
[PlyCount "113"]
[EventDate "2015.07.29"]
[EventType "swiss"]
[EventRounds "9"]
[EventCountry "CAN"]
[SourceTitle "EXT 2017"]
[Source "ChessBase"]
[SourceDate "2016.10.25"]
[SourceVersion "1"]
[SourceVersionDate "2016.10.25"]
[SourceQuality "1"]

1. d4 Nf6 2. c4 g6 3. Nc3 d5 4. Nf3 Bg7 5. Bg5 Ne4 6. Bh4 Nxc3 7. bxc3 dxc4 8. e3 b5 9. a4 c6 10. Qb1 a6 11. Be2 Nd7 12. 0-0 Nb6 13. Ne5 Bxe5 14. dxe5 0-0 15. axb5 cxb5 16. Bf3 Ra7 17. Qb4 Qc7 18. Bg3 Be6 19. Rfd1 Na4 20. h4 a5 21. Qa3 h5 22. Rab1 Rb8 23. Bd5 Qc5 24. Qxa4 Bxd5 25. Qc2 Be6 26. e4 b4 27. Qc1 b3 28. Qg5 a4 29. Bf4 Ra5 30. Be3 Qxe5 31. Qxe7 Qxe4 32. Rd8+ Rxd8 33. Qxd8+ Kh7 34. Bd4 Re5 35. Rf1 b2 36. Qb8 Bd5 37. f3 Re8 38. Qxb2 Qxh4 39. Qb5 Qd8 40. Bb6 Qa8 41. Ra1 Rb8 42. Qc5 Be6 43. Qe3 a3 44. Bd4 Rb5 45. Qf4 Rf5 46. Qc7 Rb5 47. Qe7 a2 48. Qf6 Rb1+ 49. Kh2 Qf8 50. Rxa2 Rb8 51. Ra7 Re8 52. Kg1 Bd5 53. Kf2 Kh6 54. g4 Rd8 55. gxh5 Qd6 56. Be3+ Kh7 57. Rxf7+ 1-0

[Event "Calgary op 8th"]
[Site "Calgary"]
[Date "2015.07.31"]
[Round "4"]
[White "Collyer, Curt D"]
[Black "Yam, Alex"]
[Result "0-1"]
[WhiteElo "2262"]
[BlackElo "2306"]
[PlyCount "78"]
[EventDate "2015.07.29"]
[EventType "swiss"]
[EventRounds "9"]
[EventCountry "CAN"]
[SourceTitle "EXT 2017"]
[Source "ChessBase"]
[SourceDate "2016.10.25"]
[SourceVersion "1"]
[SourceVersionDate "2016.10.25"]
[SourceQuality "1"]

1. d4 Nf6 2. c4 c5 3. d5 b5 4. cxb5 a6 5. bxa6 g6 6. Nc3 Bg7 7. e4 d6 8. f4 0-0 9. Nf3 Bg4 10. Be2 Bxf3 11. Bxf3 Nfd7 12. 0-0 Nxa6 13. Re1 Nb4 14. Be3 Bd4 15. a3 Bxe3+ 16. Rxe3 Qb6 17. Kf2 Na6 18. Rb1 c4 19. Qe2 Rac8 20. Kf1 Nac5 21. Bg4 e6 22. dxe6 fxe6 23. Rf3 Nf6 24. Bh3 Kh8 25. g3 Rc7 26. Kg2 Qb7 27. Re1 d5 28. e5 Nh5 29. Rd1 Ng7 30. Kg1 Nf5 31. Bxf5 gxf5 32. Qc2 Rb8 33. Rf2 Qa7 34. Kh1 Rcb7 35. Rb1 Nd3 36. Nd1 Nxf2+ 37. Nxf2 Rb3 38. Nd1 Qd4 39. Nc3 Qxc3 0-1

[Event "Washington State-ch"]
[Site "Seattle"]
[Date "2015.02.14"]
[Round "5"]
[White "Bragg, David R"]
[Black "Collyer, Curt D"]
[Result "1/2-1/2"]
[WhiteElo "2115"]
[BlackElo "2255"]
[PlyCount "113"]
[EventDate "2015.02.07"]
[EventType "tourn"]
[EventRounds "9"]
[EventCountry "USA"]
[SourceTitle "EXT 2017"]
[Source "ChessBase"]
[SourceDate "2016.10.25"]
[SourceVersion "1"]
[SourceVersionDate "2016.10.25"]
[SourceQuality "1"]

1. e4 e6 2. d4 d5 3. Bd3 dxe4 4. Bxe4 Nf6 5. Bf3 c5 6. Ne2 Nc6 7. Be3 e5 8. Bxc6+ bxc6 9. dxe5 Qxd1+ 10. Kxd1 Ng4 11. Nd2 Nxe5 12. f3 Ba6 13. Ng3 0-0-0 14. Kc1 Rd5 15. a4 Be7 16. h3 Re8 17. Nge4 Bf8 18. Nc3 Rdd8 19. Nde4 f5 20. Nxc5 Nc4 21. Bf2 Rd2 22. Nd3 g6 23. f4 Bg7 24. Rd1 Rxd1+ 25. Nxd1 Kb8 26. Ne5 Nxe5 27. fxe5 Bxe5 28. Ra3 Bc4 29. Ne3 Bf7 30. Rd3 Kc7 31. b3 a6 32. c4 h5 33. Nc2 Bf4+ 34. Kd1 Bd6 35. Bb6+ Kxb6 36. Rxd6 Kc5 37. Rf6 Re7 38. Kd2 Be8 39. a5 Bd7 40. Rxg6 Re6 41. Rxe6 Bxe6 42. Ke3 h4 43. Kf4 Bg8 44. Ke5 Bh7 45. Kf4 Bg8 46. Kg5 f4 47. Kxh4 Bh7 48. Ne1 Kb4 49. Kg4 Kxa5 50. Kxf4 Kb4 51. Nf3 Kxb3 52. Nd4+ Kxc4 53. Nxc6 Kc5 54. Na5 Bg8 55. Ke5 Kb6 56. Nb7 Kxb7 57. Kd4 1/2-1/2

[Event "Washington State-ch"]
[Site "Seattle"]
[Date "2015.02.14"]
[Round "6"]
[White "Collyer, Curt D"]
[Black "Schill, William"]
[Result "1-0"]
[WhiteElo "2255"]
[BlackElo "2241"]
[PlyCount "81"]
[EventDate "2015.02.07"]
[EventType "tourn"]
[EventRounds "9"]
[EventCountry "USA"]
[SourceTitle "EXT 2017"]
[Source "ChessBase"]
[SourceDate "2016.10.25"]
[SourceVersion "1"]
[SourceVersionDate "2016.10.25"]
[SourceQuality "1"]

1. d4 Nf6 2. c4 g6 3. Nc3 Bg7 4. e4 d6 5. f4 0-0 6. Nf3 Na6 7. e5 Nd7 8. h4 c5 9. d5 dxe5 10. h5 Nc7 11. Bd3 exf4 12. Bxf4 e5 13. Bg5 f6 14. Bh4 e4 15. Nxe4 Qe8 16. Kf1 Ne5 17. hxg6 hxg6 18. Nxe5 f5 19. Nxc5 Qxe5 20. Qd2 Qxb2 21. Qxb2 Bxb2 22. Rb1 Bd4 23. Nxb7 Rb8 24. Nd8 Rxb1+ 25. Bxb1 Ba6 26. Bd3 Nxd5 27. Ne6 Nb4 28. Be2 Nc2 29. Nxf8 Ne3+ 30. Ke1 Kxf8 31. Bg5 Nxg2+ 32. Kd2 f4 33. Rf1 Be3+ 34. Kc3 Bb7 35. Bf3 Bxf3 36. Rxf3 Kf7 37. Bxf4 Bxf4 38. Rf2 Ke6 39. Rxg2 Kf5 40. Kd4 g5 41. Kd5 1-0

[Event "Washington State-ch"]
[Site "Seattle"]
[Date "2015.02.08"]
[Round "3"]
[White "Cozianu, Costin"]
[Black "Collyer, Curt D"]
[Result "1/2-1/2"]
[WhiteElo "2404"]
[BlackElo "2255"]
[PlyCount "150"]
[EventDate "2015.02.07"]
[EventType "tourn"]
[EventRounds "9"]
[EventCountry "USA"]
[SourceTitle "EXT 2017"]
[Source "ChessBase"]
[SourceDate "2016.10.25"]
[SourceVersion "1"]
[SourceVersionDate "2016.10.25"]
[SourceQuality "1"]

1. e4 e6 2. d4 d5 3. Nc3 Nc6 4. Nf3 Nf6 5. Bg5 Be7 6. Bxf6 Bxf6 7. Bb5 0-0 8. e5 Be7 9. 0-0 Nb8 10. Ne2 c5 11. dxc5 Bxc5 12. Ned4 a6 13. Bd3 f6 14. c3 Nc6 15. Nxc6 bxc6 16. Qc2 f5 17. c4 d4 18. Qa4 Rb8 19. Rab1 Rb4 20. Qc2 a5 21. a3 Rb8 22. Rfd1 Rf7 23. Bf1 Rd7 24. Qa4 Qb6 25. Rd2 Bf8 26. c5 Bxc5 27. Bc4 Rd8 28. Ng5 Re8 29. Nf3 Rd8 30. Rbd1 h6 31. Nxd4 Bxd4 32. Rxd4 Rxd4 33. Rxd4 Qxb2 34. Rd1 Qxe5 35. Qxc6 Kh7 36. h3 Bb7 37. Qxe6 Qxe6 38. Bxe6 Be4 39. f3 Rb1 40. Rxb1 Bxb1 41. f4 g5 42. g3 gxf4 43. gxf4 Kg6 44. Kf2 Kh5 45. Kg3 Kg6 46. Bc4 Be4 47. Ba6 Kf6 48. Kf2 Kg6 49. Be2 Kf6 50. Ke3 Ke6 51. Kd4 Kd6 52. Bc4 Bc2 53. h4 Be4 54. Be2 Bb1 55. Bh5 Ba2 56. Bg6 Be6 57. Bh7 Bd7 58. Bg8 Bb5 59. Bc4 Bd7 60. Bd3 Be6 61. Bc2 Bc8 62. Kc4 Bd7 63. Bb1 Kc6 64. Bc2 Be6+ 65. Kd4 Kd6 66. Bd3 Bc8 67. Bf1 Be6 68. Bh3 Bc8 69. Kc4 Bd7 70. Bg2 Be8 71. Bd5 Bd7 72. Bg8 Bc6 73. Bf7 Ba4 74. Bg6 Bd7 75. Bh7 Kc6 1/2-1/2

[Event "Washington Challenger's Cup"]
[Site "Seattle"]
[Date "2014.10.26"]
[Round "3"]
[White "Collyer, Curt D"]
[Black "Leslie, Cameron D"]
[Result "1-0"]
[WhiteElo "2249"]
[BlackElo "1843"]
[PlyCount "35"]
[EventDate "2014.10.25"]
[EventType "swiss"]
[EventRounds "4"]
[EventCountry "USA"]
[SourceTitle "EXT 2017"]
[Source "ChessBase"]
[SourceDate "2016.10.25"]
[SourceVersion "1"]
[SourceVersionDate "2016.10.25"]
[SourceQuality "1"]

1. d4 Nf6 2. c4 e6 3. Nc3 Bb4 4. f3 0-0 5. a3 Bxc3+ 6. bxc3 Ne8 7. e4 b6 8. Bd3 Ba6 9. Nh3 Qh4+ 10. Nf2 Qd8 11. 0-0 Nc6 12. c5 Bxd3 13. Nxd3 d6 14. Qa4 Ne7 15. Rd1 f5 16. Nf4 Qc8 17. Qb3 fxe4 18. Nxe6 1-0

[Event "USA tt"]
[Site "ICC INT"]
[Date "2013.10.31"]
[Round "10"]
[White "Collyer, Curt D"]
[Black "Liou, Yian"]
[Result "1-0"]
[WhiteElo "2235"]
[BlackElo "2402"]
[PlyCount "81"]
[EventDate "2013.08.27"]
[EventType "team-tourn"]
[EventRounds "10"]
[EventCountry "USA"]
[SourceTitle "EXT 2014"]
[Source "ChessBase"]
[SourceDate "2013.11.20"]
[SourceVersion "1"]
[SourceVersionDate "2013.11.20"]
[SourceQuality "1"]
[WhiteTeam "Seattle"]
[BlackTeam "San Francisco"]
[WhiteTeamCountry "USA"]
[BlackTeamCountry "USA"]

1. Nf3 d5 2. b3 Bg4 3. e3 Nd7 4. Bb2 Ngf6 5. h3 Bh5 6. d3 h6 7. Nbd2 Bg6 8. g3 c6 9. Bg2 e6 10. 0-0 Be7 11. Qe2 0-0 12. e4 Nc5 13. Ne5 Bh7 14. Rae1 Re8 15. Kh1 Nfd7 16. Ng4 Bf8 17. f4 f5 18. Nf2 a5 19. a3 Bg6 20. Nd1 Nf6 21. e5 Nfd7 22. Ne3 Nb6 23. Qf2 Be7 24. Rg1 Rf8 25. Ref1 Kh8 26. Bf3 Bh7 27. g4 fxg4 28. Bxg4 Qd7 29. Qg3 Rg8 30. Nf3 Na6 31. Nd4 Nc7 32. f5 c5 33. f6 cxd4 34. Bxd4 h5 35. Bxh5 gxf6 36. exf6 Be4+ 37. dxe4 Rxg3 38. fxe7+ Kh7 39. Rf7+ Kh6 40. Rxg3 Qc6 41. Ng4+ 1-0

[Event "Washington Class-ch Master"]
[Site "Redmond"]
[Date "2012.11.25"]
[Round "5"]
[White "Greninger, Harley"]
[Black "Collyer, Curt D"]
[Result "0-1"]
[WhiteElo "2198"]
[BlackElo "2288"]
[PlyCount "74"]
[EventDate "2012.11.23"]
[EventType "swiss"]
[EventRounds "6"]
[EventCountry "USA"]
[SourceTitle "EXT 2017"]
[Source "ChessBase"]
[SourceDate "2016.10.25"]
[SourceVersion "1"]
[SourceVersionDate "2016.10.25"]
[SourceQuality "1"]

1. d4 b6 2. e4 Bb7 3. Nc3 e6 4. Nf3 Bb4 5. Bd3 Nf6 6. Qe2 d5 7. e5 Ne4 8. Bd2 Nxd2 9. Qxd2 a6 10. a3 Be7 11. Ne2 c5 12. c3 a5 13. 0-0 Ba6 14. Ne1 Bxd3 15. Qxd3 Qc8 16. f4 g6 17. Nf3 Qa6 18. Qd2 a4 19. Rad1 Nc6 20. Nc1 Rc8 21. Kh1 Rc7 22. Qe2 Qxe2 23. Nxe2 0-0 24. g4 f5 25. exf6 Bxf6 26. f5 cxd4 27. Nfxd4 Bxd4 28. Nxd4 Nxd4 29. Rxd4 Rc4 30. Rxc4 dxc4 31. Rf4 b5 32. f6 g5 33. Re4 Rd8 34. Rxe6 Rd2 35. Re5 Rxb2 36. Rxg5+ Kf7 37. Rf5 b4 0-1

[Event "Washington Class-ch Master"]
[Site "Redmond"]
[Date "2012.11.24"]
[Round "1"]
[White "Sang, Tian"]
[Black "Collyer, Curt D"]
[Result "1/2-1/2"]
[WhiteElo "2213"]
[BlackElo "2288"]
[PlyCount "83"]
[EventDate "2012.11.23"]
[EventType "swiss"]
[EventRounds "6"]
[EventCountry "USA"]
[SourceTitle "EXT 2017"]
[Source "ChessBase"]
[SourceDate "2016.10.25"]
[SourceVersion "1"]
[SourceVersionDate "2016.10.25"]
[SourceQuality "1"]

1. e4 b6 2. d4 Bb7 3. Nd2 e6 4. Ngf3 d6 5. Bd3 Nd7 6. 0-0 g6 7. Qe2 a6 8. a4 Bg7 9. c3 Ne7 10. Rd1 0-0 11. Nf1 h6 12. Ng3 c5 13. h4 Nc6 14. Bb1 Qe7 15. h5 g5 16. Qd3 Rfd8 17. Be3 Rac8 18. Qe2 cxd4 19. cxd4 Nb4 20. a5 b5 21. Qd2 Nc6 22. Ba2 Nf8 23. d5 Ne5 24. Nxe5 Bxe5 25. f4 gxf4 26. Bxf4 Bxf4 27. Qxf4 Qg5 28. Qf2 Rc7 29. Rd2 Kh8 30. Rad1 e5 31. Rf1 Nh7 32. Nf5 Nf6 33. Rc2 Rxc2 34. Qxc2 Bc8 35. Nxd6 Rxd6 36. Qxc8+ Kg7 37. Qc7 Qe3+ 38. Kh1 Qxe4 39. Qxd6 Qh4+ 40. Kg1 Qd4+ 41. Kh1 Qh4+ 42. Kg1 1/2-1/2

[Event "USA tt"]
[Site "ICC INT"]
[Date "2012.09.24"]
[Round "4"]
[White "Adithya, B."]
[Black "Collyer, Curt D"]
[Result "1/2-1/2"]
[WhiteElo "2221"]
[BlackElo "2306"]
[PlyCount "169"]
[EventDate "2012.09.04"]
[EventType "team-tourn"]
[EventRounds "10"]
[EventCountry "USA"]
[SourceTitle "CBM 150 Extra"]
[Source "ChessBase"]
[SourceDate "2012.10.19"]
[SourceVersion "1"]
[SourceVersionDate "2012.10.19"]
[SourceQuality "1"]
[WhiteTeam "Baltimore"]
[BlackTeam "Seattle"]
[WhiteTeamCountry "USA"]
[BlackTeamCountry "USA"]

1. e4 b6 2. d4 Bb7 3. Bd3 Nf6 4. Qe2 Nc6 5. c3 e5 6. Nf3 d6 7. Nbd2 Nd7 8. Nc4 Be7 9. Ne3 exd4 10. cxd4 Nb4 11. Bb1 0-0 12. a3 Nc6 13. 0-0 Re8 14. Ba2 Bf6 15. Qc4 Rf8 16. Nd5 Rc8 17. Re1 Ne7 18. Nxf6+ Nxf6 19. e5 Ne4 20. Qd3 d5 21. Ng5 Nxg5 22. Bxg5 Qd7 23. Bb1 Ng6 24. Qf3 Rce8 25. Bf5 Qb5 26. b4 h6 27. Bd3 Qd7 28. Bd2 c5 29. Bf5 Qc7 30. bxc5 Nh4 31. Qg4 Nxf5 32. Qxf5 bxc5 33. Rac1 Re6 34. Rxc5 Qb6 35. Rb1 Qa6 36. Rc7 Bc8 37. Bb4 Rc6 38. Rxc6 Qxc6 39. Qf4 Re8 40. Rc1 Qb6 41. h3 Be6 42. Rc5 Rc8 43. Qe3 Rxc5 44. dxc5 Qc6 45. f4 Bc8 46. Kh2 a6 47. Qd3 Bb7 48. Qd4 Bc8 49. Bc3 Qe6 50. g4 h5 51. f5 Qd7 52. Kg3 hxg4 53. hxg4 Kf8 54. Bb4 Qc6 55. Kf4 Qh6+ 56. Kg3 Qc6 57. Qf4 Kg8 58. f6 Qb5 59. Qd4 Be6 60. Kf2 Qa4 61. Qc3 Qc6 62. Qc1 gxf6 63. exf6 Kf8 64. Qf4 Ke8 65. Qb8+ Kd7 66. Qe5 a5 67. Bd2 Qxc5+ 68. Be3 Qxa3 69. g5 Qd3 70. Qb2 Qa6 71. Qa3 Qd6 72. Qa4+ Qc6 73. Qxa5 Qc2+ 74. Bd2 Qf5+ 75. Ke2 Qe4+ 76. Kd1 Qb1+ 77. Bc1 Qd3+ 78. Ke1 Qe4+ 79. Kd2 Qd4+ 80. Ke1 Qe4+ 81. Kf2 Qf5+ 82. Ke1 Qe4+ 83. Kf2 Qf5+ 84. Ke1 Qe4+ 85. Kf2 1/2-1/2

[Event "Las Vegas National op"]
[Site "Las Vegas"]
[Date "2012.06.16"]
[Round "3"]
[White "Collyer, Curt D"]
[Black "Ivanisevic, Ivan"]
[Result "1/2-1/2"]
[WhiteElo "2298"]
[BlackElo "2655"]
[PlyCount "94"]
[EventDate "2012.06.15"]
[EventType "swiss"]
[EventRounds "9"]
[EventCountry "USA"]
[SourceTitle "CBM 148 Extra"]
[Source "ChessBase"]
[SourceDate "2012.06.22"]
[SourceVersion "1"]
[SourceVersionDate "2012.06.22"]
[SourceQuality "1"]

1. d4 d5 2. c4 c6 3. cxd5 cxd5 4. Nf3 Nc6 5. Nc3 Nf6 6. Bf4 Qb6 7. Na4 Qa5+ 8. Bd2 Qd8 9. e3 e6 10. Rc1 Bd6 11. a3 0-0 12. Be2 Ne4 13. b4 a5 14. b5 Ne7 15. Qb3 b6 16. Bc3 Bb7 17. 0-0 Nf5 18. Rfd1 Rc8 19. Be1 Bc7 20. Ne5 Bxe5 21. dxe5 Rxc1 22. Rxc1 d4 23. f3 Nxe3 24. h4 Nc5 25. Nxc5 bxc5 26. Bf2 Nf5 27. Qc2 Nxh4 28. Qxc5 Qg5 29. Bxh4 Qxh4 30. Rd1 Bd5 31. Qxd4 Qg3 32. b6 h5 33. Rb1 h4 34. Bf1 h3 35. b7 Rb8 36. Qc3 h2+ 37. Kh1 Qf2 38. Kxh2 Qa7 39. Qc8+ Kh7 40. Bd3+ g6 41. Be4 Bxe4 42. fxe4 Kg7 43. Rb2 a4 44. Kh1 Qe3 45. Qxb8 Qe1+ 46. Kh2 Qh4+ 47. Kg1 Qe1+ 1/2-1/2

[Event "Las Vegas National op"]
[Site "Las Vegas"]
[Date "2012.06.16"]
[Round "4"]
[White "Finegold, Benjamin"]
[Black "Collyer, Curt D"]
[Result "1-0"]
[WhiteElo "2494"]
[BlackElo "2298"]
[PlyCount "61"]
[EventDate "2012.06.15"]
[EventType "swiss"]
[EventRounds "9"]
[EventCountry "USA"]
[SourceTitle "CBM 148 Extra"]
[Source "ChessBase"]
[SourceDate "2012.06.22"]
[SourceVersion "1"]
[SourceVersionDate "2012.06.22"]
[SourceQuality "1"]

1. e4 b6 2. d4 Bb7 3. Nc3 e6 4. Nf3 Bb4 5. Bd3 Nf6 6. Bg5 h6 7. Bxf6 Bxc3+ 8. bxc3 Qxf6 9. 0-0 d6 10. Nd2 e5 11. f4 Qe7 12. fxe5 dxe5 13. Nc4 Nc6 14. d5 Nd8 15. Qh5 0-0 16. Qxe5 Qxe5 17. Nxe5 Re8 18. Nf3 f5 19. exf5 Bxd5 20. Nh4 Nb7 21. f6 Nd6 22. fxg7 Kxg7 23. Rf4 Re5 24. Raf1 Rae8 25. Nf3 Re3 26. Rg4+ Kh8 27. Nh4 Be4 28. Ng6+ Bxg6 29. Rxg6 R3e6 30. Rf8+ Rxf8 31. Rxe6 1-0

[Event "Washington State-ch"]
[Site "Seattle"]
[Date "2011.02.20"]
[Round "7"]
[White "Bragg, David R"]
[Black "Collyer, Curt D"]
[Result "0-1"]
[WhiteElo "2188"]
[BlackElo "2302"]
[PlyCount "46"]
[EventDate "2011.02.11"]
[EventType "tourn"]
[EventRounds "9"]
[EventCountry "USA"]
[EventCategory "1"]
[SourceTitle "EXT 2017"]
[Source "ChessBase"]
[SourceDate "2016.10.25"]
[SourceVersion "1"]
[SourceVersionDate "2016.10.25"]
[SourceQuality "1"]

1. e4 c5 2. Nf3 Nc6 3. c4 Nf6 4. Nc3 e6 5. d4 cxd4 6. Nxd4 Bb4 7. a3 Bxc3+ 8. bxc3 Nxe4 9. Qg4 Nxd4 10. Qxg7 Nc2+ 11. Kd1 Nxa1 12. Qxh8+ Ke7 13. Qd4 d5 14. f3 Nb3 15. Qe3 Nf6 16. Bb2 dxc4+ 17. Kc2 Qb6 18. Qxb6 axb6 19. Bxc4 Nc5 20. g4 Bd7 21. h4 Ba4+ 22. Kb1 Rd8 23. Bc1 Rd1 0-1

[Event "Washington State-ch"]
[Site "Seattle"]
[Date "2011.02.19"]
[Round "5"]
[White "Sinanan, Joshua C"]
[Black "Collyer, Curt D"]
[Result "1-0"]
[WhiteElo "2276"]
[BlackElo "2302"]
[PlyCount "75"]
[EventDate "2011.02.11"]
[EventType "tourn"]
[EventRounds "9"]
[EventCountry "USA"]
[EventCategory "1"]
[SourceTitle "EXT 2017"]
[Source "ChessBase"]
[SourceDate "2016.10.25"]
[SourceVersion "1"]
[SourceVersionDate "2016.10.25"]
[SourceQuality "1"]

1. d4 Nf6 2. c4 e5 3. dxe5 Ne4 4. Nf3 Bb4+ 5. Nbd2 Nc6 6. a3 Bxd2+ 7. Bxd2 Nxd2 8. Qxd2 Qe7 9. Qc3 b6 10. e3 Bb7 11. Bd3 0-0-0 12. c5 Kb8 13. Rc1 Rhe8 14. cxb6 cxb6 15. 0-0 g5 16. Rfd1 Rc8 17. Bf5 Red8 18. b4 h5 19. h3 Ka8 20. Qb2 Nb8 21. Qd4 Rg8 22. Qd6 Qd8 23. Nd4 g4 24. Rxc8 Qxc8 25. Nb5 Bc6 26. Rc1 gxh3 27. Bxh3 Rg6 28. Qd4 Qg8 29. Nc7+ Kb7 30. Nd5 Na6 31. e4 Qg7 32. Ne7 Qh6 33. Rc3 Nc7 34. Bxd7 Nb5 35. Bxc6+ Rxc6 36. Qd7+ Rc7 37. Rxc7+ Ka6 38. Qc8# 1-0

[Event "Washington State-ch"]
[Site "Seattle"]
[Date "2011.02.13"]
[Round "4"]
[White "Collyer, Curt D"]
[Black "Kelley, Dereque D"]
[Result "0-1"]
[WhiteElo "2302"]
[BlackElo "2167"]
[PlyCount "74"]
[EventDate "2011.02.11"]
[EventType "tourn"]
[EventRounds "9"]
[EventCountry "USA"]
[EventCategory "1"]
[SourceTitle "EXT 2017"]
[Source "ChessBase"]
[SourceDate "2016.10.25"]
[SourceVersion "1"]
[SourceVersionDate "2016.10.25"]
[SourceQuality "1"]

1. d3 d5 2. c3 e5 3. Nf3 Nc6 4. Nbd2 Nf6 5. e4 g6 6. Be2 Bg7 7. 0-0 0-0 8. Qc2 h6 9. Re1 a5 10. b3 Be6 11. a3 Qe7 12. Bb2 Rfd8 13. Bf1 dxe4 14. dxe4 Nd7 15. a4 Qe8 16. Ba3 Bf8 17. Bxf8 Qxf8 18. Nc4 Qc5 19. Nfd2 Nf6 20. Ne3 Nb4 21. Qb2 Nd3 22. Bxd3 Rxd3 23. Nec4 Rad8 24. Qc2 c6 25. Re3 R3d7 26. h3 b5 27. axb5 cxb5 28. Rxa5 Bxc4 29. Nxc4 Rd1+ 30. Kh2 Qc6 31. Nb2 R1d2 32. Qc1 Nxe4 33. b4 Nxf2 34. Rg3 Rd1 35. Nxd1 Rxd1 36. Qxd1 Nxd1 37. Ra2 Qd6 0-1

[Event "Washington State-ch"]
[Site "Seattle"]
[Date "2010.02.15"]
[Round "9"]
[White "Collyer, Curt D"]
[Black "Hadzic, Huso"]
[Result "1-0"]
[WhiteElo "2313"]
[BlackElo "2229"]
[PlyCount "107"]
[EventDate "2010.02.06"]
[EventType "tourn"]
[EventRounds "9"]
[EventCountry "USA"]
[SourceTitle "EXT 2017"]
[Source "ChessBase"]
[SourceDate "2016.10.25"]
[SourceVersion "1"]
[SourceVersionDate "2016.10.25"]
[SourceQuality "1"]

1. d4 d5 2. c4 e6 3. Nc3 Nf6 4. cxd5 exd5 5. Bg5 Be7 6. e3 c6 7. Bd3 h6 8. Bf4 Bd6 9. Bg3 Qe7 10. Nge2 Nbd7 11. 0-0 0-0 12. Bc2 Re8 13. Qd3 Nf8 14. Bxd6 Qxd6 15. f3 c5 16. Rac1 b6 17. Ng3 cxd4 18. Qxd4 Qc5 19. Qxc5 bxc5 20. Kf2 Rb8 21. b3 d4 22. exd4 cxd4 23. Nce4 Nd5 24. Rfd1 Ne6 25. Nf5 Nb4 26. Ned6 Rd8 27. Ne7+ Kf8 28. Nexc8 Nxa2 29. Ra1 Nc3 30. Rd2 Rbxc8 31. Nxc8 Rxc8 32. Bf5 Nb5 33. Ra5 Rb8 34. Bxe6 fxe6 35. Ke2 Ke7 36. Kd3 e5 37. Rc2 Rb6 38. Rc5 a6 39. Rxe5+ Kd6 40. Re8 Rc6 41. Rg8 Kc5 42. Ra4 Re6 43. Rxg7 Re3+ 44. Kc2 Re2+ 45. Kd3 Re3+ 46. Kd2 Rxb3 47. Rxa6 Rb2+ 48. Kc1 Rf2 49. Kd1 Rb2 50. Ke1 d3 51. Rd7 Nd4 52. Rad6 d2+ 53. Kd1 Nb3 54. Rxd2 1-0